Detalles MARC
| 000 -CABECERA |
| campo de control de longitud fija |
01891nam a2200313 i 4500 |
| 001 - NÚMERO DE CONTROL |
| campo de control |
16241 |
| 003 - IDENTIFICADOR DEL NÚMERO DE CONTROL |
| campo de control |
DO-SdUEMH |
| 005 - FECHA Y HORA DE LA ÚLTIMA TRANSACCIÓN |
| campo de control |
20260115145138.0 |
| 007 - CAMPO FIJO DE DESCRIPCIÓN FÍSICA--INFORMACIÓN GENERAL |
| campo de control de longitud fija |
ta |
| 008 - DATOS DE LONGITUD FIJA--INFORMACIÓN GENERAL |
| campo de control de longitud fija |
211105s2001||||dr |||gr|||| 0|| |dspa d |
| 020 ## - NÚMERO INTERNACIONAL ESTÁNDAR DEL LIBRO |
| Número Internacional Estándar del Libro |
9789993468479 |
| 040 ## - FUENTE DE LA CATALOGACIÓN |
| Centro catalogador/agencia de origen |
DO-SdUEMH |
| Lengua de catalogación |
spa |
| Normas de descripción |
rda |
| 041 ## - CÓDIGO DE LENGUA |
| Código de lengua del texto/banda sonora o título independiente |
spa |
| 082 14 - NÚMERO DE LA CLASIFICACIÓN DECIMAL DEWEY |
| Número de clasificación |
RD340.56 R763T 2001 |
| Colección |
Colección Dominicana |
| Número de documento/Ítem |
R763 |
| 084 ## - OTRO NÚMERO DE CLASIFICACIÓN |
| Item number |
08-00318 |
| 100 #1 - ENTRADA PRINCIPAL--NOMBRE DE PERSONA |
| Nombre de persona |
Romero Butten, Carlos |
| Término indicativo de función/relación |
autor |
| 245 #0 - MENCIÓN DE TÍTULO |
| Título |
Tratado Elemental de Derecho Civil / |
| Mención de responsabilidad, etc. |
Carlos P. Romero Butten |
| 260 ## - PUBLICACIÓN, DISTRIBUCIÓN, ETC. |
| Date of publication, distribution, etc. |
2001 |
| 264 #1 - PRODUCCIÓN, PUBLICACIÓN, DISTRIBUCIÓN, FABRICACIÓN Y COPYRIGHT |
| Lugar de producción, publicación, distribución, fabricación |
Santo Domingo, República Dominicana : |
| Nombre del de productor, editor, distribuidor, fabricante |
Soto Castillo, S. A. |
| Fecha de producción, publicación, distribución, fabricación o copyright |
2001 |
| 264 #4 - PRODUCCIÓN, PUBLICACIÓN, DISTRIBUCIÓN, FABRICACIÓN Y COPYRIGHT |
| Fecha de producción, publicación, distribución, fabricación o copyright |
©2001 |
| 300 ## - DESCRIPCIÓN FÍSICA |
| Extensión |
xx, 335 páginas : |
| Dimensiones |
20 cm. |
| 336 ## - TIPO DE CONTENIDO |
| Fuente |
rdacontent |
| Término de tipo de contenido |
texto |
| Código de tipo de contenido |
txt |
| 337 ## - TIPO DE MEDIO |
| Fuente |
rdamedia |
| Nombre del tipo de medio |
sin mediación |
| Código del tipo de medio |
n |
| 338 ## - TIPO DE SOPORTE |
| Fuente |
rdacarrier |
| Nombre del tipo de soporte |
volumen |
| Código del tipo de soporte |
nc |
| 504 ## - NOTA DE BIBLIOGRAFÍA, ETC. |
| Nota de bibliografía, etc. |
Contiene Información Bibliográfica a Final de la Obra. |
| 505 #2 - NOTA DE CONTENIDO CON FORMATO |
| Nota de contenido con formato |
El Derecho -- Derecho Civil -- Las Fuentes del Derecho Civil -- Nuestra Organización Judicial y Régimen de la Nueva Ley 50-00 -- Las Personas -- Las Lagunas del Sistema del Estado Civil y Medios para Remediarlas -- El Matrimonio y el Divorcio -- La Filiación -- Sobre las Incapacidades -- La Emancipación -- De los Bienes -- Los Derechos Reales Principales -- La Posesión -- Teoría General de las Obligaciones -- Los Contratos -- El Consentimiento. Vicios del Consentimiento -- Objeto y Causa de la Obligación y del Contratos -- Modalidades de las Obligaciones -- Prueba de las Obligaciones -- Transmisión de las Obligaciones -- Los Principales Contratos -- La Permuta -- El Arrepentimiento -- Otros Contratos -- Las Garantías, los Privilegios y las Hipotecas -- Las Hipotecas -- Contrato de Licencia de Derecho de Autor -- Noción de Responsabilidad Civil -- Dos Regímenes Matrimoniales -- Transmisión de los Bienes por Causa de Muerte -- Los Testamentos -- Donaciones entre Vivos. |
| 942 ## - ELEMENTOS DE PUNTO DE ACCESO ADICIONAL (KOHA) |
| Fuente del sistema de clasificación o colocación |
Dewey Decimal Classification |
| Tipo de ítem Koha |
Libro |
| Suprimir en OPAC |
No |